000 00306nam a22001337a 4500
008 180917b xxu||||| |||| 00| 0 eng d
020 _a0721650171
041 _aeng
080 _a610.
100 _a2
101 _aNUR
245 _aSaunders Manual Of Nursing Care
_cLuckmann.J
942 _2udc
_cBK
999 _c47861
_d47861